MARC

LEADER 00000nas a2200000 4500
001 ssj0005128
003 WaSeSS
005 20200512172242.0
006 m d
007 cr n
008 760212c19729999oncbr p s 0 a0eng
010 |a cn 76319721  
015 |a 20200205722  |2 can 
016 |a (AMICUS)000000130492 
022 |y 0315-1301 
030 |a COSMEE 
035 |a (WaSeSS)ssj0005128 
040 |a NLC  |b eng  |c NLC  |d OCLCQ  |d CGC  |d CAS  |d NSD  |d AU@  |d OCLCF  |d CUS  |d U3G  |d MLSOD  |d NLC  |d WaSeSS 
042 |a nlc  |a isds/c 
055 0 2 |a HD9999* 
084 |a cci1icc  |2 lacc 
222 0 |a Cosmetics  |b (Don Mills) 
245 0 0 |a Cosmetics  |h [electronic resource]. 
260 |a [Toronto, etc.],  |b [Rogers Pub., etc.] 
362 0 |a v. 1- Sept./Oct. 1972- 
500 |a Place of publication, publisher vary; publ. Don Mills, [Toronto], Sept./Oct. 1972-199-, Claro Pub. 19---200- 
506 |a License restrictions may limit access. 
525 |a Supplements accompany some no. 
580 |a Includes: Made for men. 
650 0 |a Cosmetics industry  |z Canada  |v Periodicals. 
650 0 |a Beauty, Personal  |v Periodicals. 
650 7 |a Beauty, Personal.  |2 fast  |0 (OCoLC)fst00829396 
650 7 |a Cosmetics industry.  |2 fast  |0 (OCoLC)fst00880532 
651 7 |a Canada.  |2 fast  |0 (OCoLC)fst01204310 
655 0 |a Electronic journals. 
776 1 |t Cosmetics.  |d [Toronto] : Micromedia, [198-]-  |x 0315-1301  |w (CaOONL) 910323844  |w (OCoLC)24623263  |w (DLC)cn 91032384 
787 1 |t Made for men  |x 2370-7941  |w (DLC)cn2019012973  |w (OCoLC)1007767664 
856 4 0 |z Full text available from Research Library: 01/01/1993 to 12/31/2017  |u https://search.proquest.com/publication/31100 
856 4 0 |z Full text available from Research Library: 11/01/2010 to present  |u https://search.proquest.com/publication/31100